Qui a dit cette réplique Marvel #12 - Statistiques

Statistiques générales
  • Ce quiz a été pris 599 fois
    203 depuis la dernière actualisation
  • Le résultat moyen est 9 sur 17
Statistiques - réponses
Hint Réplique Réponse % Correct
6 C'est quoi ta motivation ? Y a bien une chose chaque jour qui te motive à sortir de ton petit lit. Iron man (Tony Stark)
94%
17 Et à chaque fois que je le lançais au loin, il revenait vers moi. Thor
94%
13 Quelqu'un à pissé dans ma combinaison. Mais je ne sais pas si c'est le moi bébé, le moi vieux, ou le moi moi. Ant man (Scott Lang)
88%
7 Je suis au beau milieu d'un interrogatoire. Black Widow (Natasha Romanoff)
86%
3 Piètre dieu. Hulk (Bruce Banner)
78%
8 J'adore ce plan à ceci près qu'il est nul. Star Lord (Peter Quill)
76%
9 Tu avais dit que nous détruirons les avengers. Batir un monde meilleur. La sorcière rouge (Wanda Maximoff)
71%
16 Tu parles d'un joyeux noël ! Hawkeye (Clint Barton)
65%
2 Leur avenir est ruiné juste parce qu'elles me connaissent. Spider man (Peter Parker)
65%
10 Comme je le dis toujours, enrichi t'es amis et tes ennemis et tu verras plus tard qui est qui. Ultron
57%
4 Rien ne passe au dessus de ma tête. Drax
54%
5 Et toi de quoi est tu le dieu au juste ? Hela
35%
1 Tu as l'intention de déménager mais tu vas attendre que les taux d'intérêts baissent encore. Yelena Belova
31%
14 Faites lui honneur de penser que c'était son choix et qu'il vous a suivi parce que il pensait que vous en étiez digne. Peggy Carter
15%
15 Logiquement t'es mort. Harley Keener
6%
11 Bien les hommes de grande taille ne manquent pas dans nos troupes. Abraham Erskine
3%
12 J'ai voulu changer de nom, changer de vie... Xu Shang Chi
3%
Aucun quiz correspondant
Distribution des résultats
% des personnes avec chaque résultat
Percentile par nombre de réponses
Votre historique - résultats
Vous n’avez pas pris ce quiz depuis la dernière actualisation